|
|
|
|
| LEADER |
00000nas a2200000 a 4500 |
| 001 |
ssj0002281 |
| 003 |
WaSeSS |
| 005 |
20200512172242.0 |
| 006 |
m d |
| 007 |
cr n |
| 008 |
860411d19862002tnuqr p s f0 a0eng c |
| 010 |
|
|
|a 91655050
|z sn 86013980
|
| 016 |
7 |
|
|a 100972384
|2 DNLM
|
| 016 |
7 |
|
|a 008535405
|2 Uk
|
| 022 |
|
|
|l 0887-8218
|y 0887-8218
|
| 032 |
|
|
|a 003946
|b USPS
|
| 035 |
|
|
|a (WaSeSS)ssj0002281
|
| 040 |
|
|
|a TVA
|b eng
|c TVA
|d NSD
|d GPO
|d NYG
|d NST
|d IUL
|d GPO
|d HUL
|d NST
|d NSD
|d NST
|d NSD
|d NST
|d HUL
|d NYG
|d EYM
|d NST
|d DLC
|d NST
|d SYS
|d HLS
|d HUL
|d NLM
|d OCLCQ
|d LVB
|d MTG
|d OCLCQ
|d VA@
|d OCLCQ
|d OCLCF
|d OCLCO
|d GILDS
|d OCLCO
|d UKMGB
|d WaSeSS
|
| 042 |
|
|
|a nsdp
|a pcc
|
| 043 |
|
|
|a n-us-tn
|
| 050 |
0 |
0 |
|a H96
|b .F67
|
| 074 |
|
|
|a 1082-F-2
|
| 082 |
0 |
0 |
|a 320.6/05
|2 20
|
| 086 |
0 |
|
|a Y 3.T 25:61
|
| 210 |
0 |
|
|a Forum appl. res. public policy
|
| 222 |
|
0 |
|a Forum for applied research and public policy
|
| 245 |
0 |
0 |
|a Forum for applied research and public policy
|h [electronic resource].
|
| 260 |
|
|
|a Knoxville, Tenn. :
|b Tennessee Valley Authority,
|c 1986-[2002]
|
| 310 |
|
|
|a Quarterly
|
| 362 |
0 |
|
|a Vol. 1, no. 1 (spring 1986)-v. 16, no. 4 (summer 2002).
|
| 500 |
|
|
|a Title from cover.
|
| 500 |
|
|
|a "A quarterly journal for the discussion of policy issues in energy, environment, and economic development."
|
| 500 |
|
|
|a STRN: TVA/OCAP/IO-86/3.
|
| 506 |
|
|
|a License restrictions may limit access.
|
| 550 |
|
|
|a Issued spring 1986-<summer 1988> by: Tennessee Valley Authority; issued <winter 1988-> by: the University of Tennessee's Energy, Environment, and Resources Center in cooperation with the Tennessee Valley Authority, and distributed by the University of North Carolina Press.
|
| 610 |
2 |
0 |
|a Tennessee Valley Authority
|v Periodicals.
|
| 610 |
2 |
7 |
|a Tennessee Valley Authority.
|2 fast
|0 (OCoLC)fst00549792
|
| 650 |
|
0 |
|a Policy sciences
|v Periodicals.
|
| 650 |
|
6 |
|a Sciences de la politique
|v Périodiques.
|
| 650 |
|
6 |
|a Politique économique
|v Périodiques.
|
| 650 |
|
6 |
|a Politique énergétique
|v Périodiques.
|
| 650 |
|
6 |
|a Environnement
|x Politique gouvernementale
|v Périodiques.
|
| 650 |
|
7 |
|a Policy sciences.
|2 fast
|0 (OCoLC)fst01068796
|
| 655 |
|
0 |
|a Electronic journals.
|
| 710 |
2 |
|
|a Tennessee Valley Authority.
|
| 710 |
2 |
|
|a University of Tennessee, Knoxville.
|b Energy, Environment, and Resources Center.
|
| 850 |
|
|
|a AAP
|a AU
|a CPT
|a CU-S
|a CU-SB
|a CaOONL
|a CaSSU
|a CoU
|a CtY
|a DGW
|a DLC
|a ICU
|a IaAS
|a IaU
|a InLP
|a InU
|a LNT
|a MCM
|a MH
|a MH-KG
|a MiEM
|a MiU
|a MnSU
|a MoU
|a MsU
|a N
|a NIC
|a NNC
|a NRU
|a NSyU
|a NcD
|a NcRS
|a NcU
|a NjR
|a OU
|a T
|a TU
|a TxHR
|a ULA
|a ViBlbV
|a ViU
|a WM
|a WaU
|
| 853 |
2 |
2 |
|8 1
|a v.
|b no.
|u 04
|v r
|i (year)
|j (season)
|w q
|x 21
|
| 856 |
4 |
0 |
|z Full text available from Research Library: 10/01/1997 to 07/31/2002
|u https://search.proquest.com/publication/37272
|
| 863 |
4 |
0 |
|8 1
|a <1>-
|i <1986>-
|x provisional
|